Lyrics to “Daddy Cop“ (“The Rookie“) by Zander Hawley - Statistics

General Stats
  • This quiz has been taken 139 times
  • The average score is 144 of 202
Answer Stats
Answer % Correct
a
96%
I
94%
me?
94%
me
94%
Cop
92%
cop
92%
sexy
90%
and
89%
arrest
89%
make
89%
on
89%
duty
88%
it
88%
you
88%
are
85%
but
85%
in
85%
Is
85%
pocket
85%
to
85%
your
84%
go
83%
happy
83%
just
83%
or
83%
see
83%
that
83%
lock
82%
up
82%
ahead
81%
baton
81%
cute
81%
cuties
81%
he
81%
the
81%
blue
80%
She
80%
short
79%
booties
76%
look
76%
shorty
76%
daddy
75%
navy
75%
wants
74%
like
72%
puts
72%
chase
71%
looks
70%
of
69%
so
69%
by
64%
can
64%
get
64%
meth
64%
please
64%
some
64%
his
63%
sell
63%
this
63%
arrested
60%
butt
60%
with
57%
arms
56%
walk
54%
car
47%
ow!
45%
back
43%
take
36%
verbal
35%
start
34%
we‘ll
34%
I‘m
33%
flirtation
31%
station
31%
my
30%
cuffs
27%
down
27%
tax
27%
yeah
27%
doing
26%
now
26%
got
25%
pink
25%
arsons
24%
fraud
24%
let
24%
own
22%
I‘ve
21%
fluff
20%
they‘re
19%
made
17%
meet
4%
No matching quizzes found
Score Distribution
Percent of People with Each Score
Percentile by Number Answered
Your Score History
You have not taken this quiz